000 00346nam a22001337a 4500
999 _c2612
_d2612
020 _a978-1285858913
082 _a808.06
100 _aGuffey Ellen Mary
245 _aEssentials Business Communication
_bEssentials Business Communication
250 _a7th
260 _aKarachi
_bDogar Books Urdu Bazar
_c2008
300 _a560:p
942 _cBK